| 000 | 00400nam a2200157Ia 4500 | ||
|---|---|---|---|
| 003 | LK-CoDNM | ||
| 008 | 010623t1922 xxu||||| |||| 00| 1 eng d | ||
| 040 |
_aLK-CoDNM _dLK-CoDNM _eLK-CoDNM |
||
| 041 | _aeng | ||
| 080 | _a24 B 4 | ||
| 100 | _aBarnard,Francis Pierrepont. | ||
| 245 | _aA Fardel of Epigrams | ||
| 260 |
_bOxford University Press _aLondon _c1922 |
||
| 300 | _b114p., 16 cm | ||
| 942 | _cBK | ||
| 999 |
_c90891 _d90891 |
||